Zákon o odpovědnosti za škodu způsobenou vadou výrobku
Úplné znenie zákona č. 59/1998 Sb., o zodpovednosti za škodu spôsobenú vadou výrobku, v znení zákona č. 209/2000 Sb., s komentárom, platným v Českej republike.
Gespeichert in:
| 1. Verfasser: | |
|---|---|
| Format: | Buchkapitel |
| Sprache: | Tschechisch |
| Schlagworte: | |
| Tags: |
Keine Tags, Fügen Sie das erste Tag hinzu!
|
MARC
| LEADER | 00000naa a2200000 4500 | ||
|---|---|---|---|
| 001 | r039873 | ||
| 005 | 20230920101210.1 | ||
| 041 | 0 | |a cze | |
| 044 | |a CZ | ||
| 245 | 1 | 0 | |a Zákon o odpovědnosti za škodu způsobenou vadou výrobku |c Jiří Nesnídal |
| 520 | |a Úplné znenie zákona č. 59/1998 Sb., o zodpovednosti za škodu spôsobenú vadou výrobku, v znení zákona č. 209/2000 Sb., s komentárom, platným v Českej republike. | ||
| 610 | 2 | 0 | |a škody |
| 610 | 2 | 0 | |a výrobky |
| 610 | 2 | 0 | |a spotrebitelia |
| 610 | 2 | 0 | |a zodpovednosť za škody |
| 610 | 2 | 0 | |a zodpovednosť za vady |
| 610 | 2 | 0 | |a zákony |
| 610 | 2 | 0 | |a Česko |
| 100 | 1 | |a Nesnídal, Jiří | |